PRINCIPLES OF MANAGEMENT (Record no. 9053)

MARC details
000 -LEADER
fixed length control field 00494nam a22001577a 4500
003 - CONTROL NUMBER IDENTIFIER
control field SGT
082 ## - DEWEY DECIMAL CLASSIFICATION NUMBER
Classification number 658.1, GUP
100 ## - MAIN ENTRY--PERSONAL NAME
Personal name FRANKLIN, TERRY
245 ## - TITLE STATEMENT
Title PRINCIPLES OF MANAGEMENT
250 ## - EDITION STATEMENT
Edition statement 8TH
260 ## - PUBLICATION, DISTRIBUTION, ETC. (IMPRINT)
Place of publication, distribution, etc NEW DELHI
Name of publisher, distributor, etc A I T B S
Year of Publication 2014
300 ## - PAGE DESCRIPTION
No. of Pages 614
650 ## - SUBJECT ADDED ENTRY--TOPICAL TERM
Topical term or geographic name as entry element MANAGEMENT
653 ## - KEYWORDS--INDEX TERM
Keyword term FOUNDATIONS FOR MANAGEMENT STUDY, PROBLEM SLOWING AND DECISION MAKING, PLANNING, ORGANIZING, ACTUATING, CONTROLLING, INTERNATIONAL AND FUTURE VIEWS OF MANAGEMENT,
942 ## - ADDED ENTRY ELEMENTS (KOHA)
Source of classification or shelving scheme Dewey Decimal Classification
Koha item type FCM Books
942 ## - ADDED ENTRY ELEMENTS (KOHA)
-- 1
Holdings
Withdrawn status Lost status Source of classification or shelving scheme Damaged status Not for loan Home library Current library Shelving location Date acquired Vendor Name Cost, normal purchase price SGTU Bill Number Total Checkouts Full call number Accession No. (Barcode) Date last seen Bill Date Koha item type Date last borrowed
    Dewey Decimal Classification     SGT Science & Social Sciences Library SGT Science & Social Sciences Library Text Book 15/06/2016 U S B P D 295.00 SGTU 362808   658.1, GUP CM412 15/06/2016 24/02/2014 FCM Books  
    Dewey Decimal Classification     SGT Science & Social Sciences Library SGT Science & Social Sciences Library Text Book 15/06/2016 U S B P D 295.00 SGTU 362808 2 658.1, GUP CM413 15/12/2022 24/02/2014 FCM Books 12/12/2022